México (Record no. 783)

MARC details
000 -CABECERA
campo de control de longitud fija 00759nam a2200193 a 4500
001 - NÚMERO DE CONTROL
campo de control BRCA_889
005 - FECHA Y HORA DE LA ÚLTIMA TRANSACCIÓN
campo de control 20190320203208.0
008 - DATOS DE LONGITUD FIJA--INFORMACIÓN GENERAL
campo de control de longitud fija 311005s1991----mx-a---###---#000-0#spa-d
050 #4 - SIGNATURA TOPOGRÁFICA DE LA BIBLIOTECA DEL CONGRESO
Número de clasificación NK7198.T3
Número de documento/Ítem .M49 1991
245 10 - MENCIÓN DE TÍTULO
Título México
Resto del título el lenguaje contemporáneo de la plata : Colección TANE orfebres = Mexico : The Contemporary Language of Silver : TANE Silversmith Collection.
260 ## - PUBLICACIÓN, DISTRIBUCIÓN, ETC.
Lugar de publicación, distribución, etc. México
Nombre del editor, distribuidor, etc. Bancomer
Fecha de publicación, distribución, etc. 1991
300 ## - DESCRIPCIÓN FÍSICA
Extensión 1 v. (sin paginación)
Otras características físicas il. a color
Dimensiones 28 cm.
546 ## - NOTA DE LENGUA/LENGUAJE
Nota de lengua/lenguaje Texto en : español e inglés
650 14 - PUNTO DE ACCESO ADICIONAL DE MATERIA--TÉRMINO DE MATERIA
Término de materia o nombre geográfico como elemento de entrada Orfebrería
Subdivisión de forma Exposiciones
Subdivisión geográfica México
9 (RLIN) 2959
650 14 - PUNTO DE ACCESO ADICIONAL DE MATERIA--TÉRMINO DE MATERIA
Término de materia o nombre geográfico como elemento de entrada Platería
Subdivisión de forma Exposiciones
Subdivisión geográfica México
9 (RLIN) 2960
710 2# - PUNTO DE ACCESO ADICIONAL--NOMBRE DE ENTIDAD CORPORATIVA
Nombre de entidad corporativa o nombre de jurisdicción como elemento de entrada TANE Orfebres
9 (RLIN) 2961
740 0# - PUNTO DE ACCESO ADICIONAL--TÍTULO RELACIONADO O ANALÍTICO NO CONTROLADO
Título relacionado o analítico no controlado The Contemporary Language of Silver : TANE Silversmith Collection
942 ## - ELEMENTOS DE PUNTO DE ACCESO ADICIONAL (KOHA)
Fuente del sistema de clasificación o colocación Library of Congress Classification
Tipo de ítem Koha Libros
Holdings
Estado de retiro Estado de pérdida Estado dañado No para préstamo Localización permanente Ubicación/localización actual Fecha de adquisición Total de préstamos Signatura topográfica completa Código de barras Fecha visto por última vez Precio válido a partir de Tipo de ítem Koha
El ejemplar forma parte de la colección y puede ser consultado según las políticas vigentes.       Biblioteca del Museo Franz Mayer (Rogerio Casas-Alatriste) Biblioteca del Museo Franz Mayer (Rogerio Casas-Alatriste) 26/06/2008   NK7198.T3 .M49 1991 01363 22/03/2019 22/03/2019 Libros